Normal view
MARC view
- Bari, Abdul
Entry Personal Name
001 - CONTROL NUMBER
- control field: 16891
003 - CONTROL NUMBER IDENTIFIER
- control field: NUST
005 - DATE AND TIME OF LATEST TRANSACTION
- control field: 20190706043119.0
008 - FIXED-LENGTH DATA ELEMENTS
- fixed length control field: 190706|| aca||aabn | a|a d
040 ## - CATALOGING SOURCE
- Original cataloging agency: NUST
- Transcribing agency: NUST
100 ## - HEADING--PERSONAL NAME
- Personal name: Bari, Abdul
670 ## - SOURCE DATA FOUND
- Source citation: Work cat.: (NUST): Bari, Abdul , Fahim-e-Insani /, 2005.
